00563nam a22001457a 4500003000400000005001700004008004100021040001400062100002400076245015300100260000900253300002900262500009900291504002700390OSt20171010095458.0120716t xxu||||| |||| 00| 0 eng d aMMSUcULS aBatoon, Michael M.  aCytological effect of swollen fingergrass (Chloris barbata (Linn) Sw.) crude extract on paramecium sp. isolated from pond water cMichael M. Batoon c2008 axv, [44] leaves c28 cm. aThesis (BS Biology) -- Mariano Marcos State University-College of Arts & Sciences, Batac City  aBibliography: leaf 27